000 00474nam a2200181 i 4500
001 bg
100 1 _aROBERTS, J.B.
245 0 _aRandom vibration and statistical linearization /
_cJ.B.Roberts,P.D.Spanos.
260 _aChichester :
_bJohn Wiley and Sons,
_c1990.
700 1 _aSPANOS, P.D.
020 _a0471916994
040 _cBPK
041 _apol
080 _a534:519.246
920 _a0-471-91699-4
942 _cKS
008 s pl f |000 0 pol
999 _c29124
_d29124
856 _uhttp://koha.tu.koszalin.pl/cgi-bin/koha/opac-detail.pl?biblionumber=29124
_yKatalog online BPK